| 000 | 02136cam a2200553 i 4500 | ||
|---|---|---|---|
| 001 | 29942 | ||
| 003 | KOSZ 005 | ||
| 005 | 20250811103438.0 | ||
| 008 | 250722s1982 pl a f 000 0 pol c | ||
| 015 | _aUWD 1982/6184 | ||
| 020 | _a8301003065 | ||
| 035 | _a990001805790208207-48omnis_network | ||
| 035 | _aBPW07000180579 | ||
| 035 | _a(NUKAT)BPW07000180579 | ||
| 035 | _a(aleph)000180579BPW07 | ||
| 035 | _azz2003965152 | ||
| 035 | _a(PL)b0001290629109 | ||
| 035 | _a(EXLNZ-48OMNIS_NETWORK)9913451569605606 | ||
| 035 | _a991012113459705066 | ||
| 040 |
_aWA M _cWA M _dKOSZ 005/RW |
||
| 046 | _k1982 | ||
| 080 | _a539.3/.6 | ||
| 245 | 0 | 0 |
_aProblemy wytrzymałości kontaktowej / _cpod redakcją Stanisława Pytko ; [poszczególne rozdziały opracowali autorzy: Stefan Ziemba, Stanisław Pytko oraz Prokop Środa, Krzysztof Wierzcholski] ; Polska Akademia Nauk. Komitet Budowy Maszyn. |
| 250 | _aWydanie I. | ||
| 260 |
_aWarszawa : _bPaństwowe Wydawnictwo Naukowe, _c1982. |
||
| 300 |
_a210, [2] stron : _bilustracje, errata ; _c24 cm. |
||
| 336 |
_aTekst _btxt _2rdacontent |
||
| 337 |
_aBez urządzenia pośredniczącego _bn _2rdamedia |
||
| 338 |
_aWolumin _bnc _2rdacarrier |
||
| 380 | _aKsiążki | ||
| 380 | _aPublikacje naukowe | ||
| 388 | 1 | _a1901-2000 | |
| 388 | 1 | _a1945-1989 | |
| 504 | _aBibliografia na stronach [205]-210. | ||
| 650 | 7 |
_aMechanika styku _2DBN |
|
| 650 | 7 |
_aNaprężenia i odkształcenia _2DBN |
|
| 655 | 7 | _aOpracowanie | |
| 658 | _aFizyka i astronomia | ||
| 658 | _aInżynieria i technika | ||
| 700 | 1 |
_aPytko, Stanisław _d(1929-2018) _eAutor _eRedakcja |
|
| 700 | 1 |
_aŚroda, Prokop _d(1938-2020) _eAutor |
|
| 700 | 1 |
_aWierzcholski, Krzysztof _d(1939- ) _eAutor |
|
| 700 | 1 |
_aZiemba, Stefan _d(1907-1994) _eAutor |
|
| 710 | 2 | _aKomitet Budowy Maszyn (Polska Akademia Nauk) | |
| 710 | 2 |
_aPaństwowe Wydawnictwo Naukowe _4pbl |
|
| 856 |
_uhttps://koha.tu.koszalin.pl/cgi-bin/koha/opac-detail.pl?biblionumber=29942 _yKatalog online BPK |
||
| 942 |
_2UKD _cKS |
||
| 999 |
_c29942 _d29942 |
||